| 000 | 02671cam a2200421 i 4500 | ||
|---|---|---|---|
| 001 | 5976 | ||
| 003 | FISKH | ||
| 005 | 20250225092136.0 | ||
| 008 | 151221s2016 nyua j b 001 0 eng | ||
| 010 | _a 2015040911 | ||
| 020 | _a9780803740600 (hardback) | ||
| 020 | _a9780141029191 | ||
| 020 |
_a9780399186721 _c$18.50 |
||
| 040 |
_aDLC _beng _cDLC _erda _dDLC |
||
| 050 | _aBF698.I59 | ||
| 082 | _a155.2 | ||
| 100 | 1 |
_aCain, Susan, _eauthor. |
|
| 245 | 1 | 0 |
_aQuiet power : _bThe power of introverts in a world that can't stop talking/ _cSusan Cain |
| 260 |
_aNew York : _bPenguin, _c2012 |
||
| 300 |
_a333 pages : _c20 cm |
||
| 336 |
_atext _2rdacontent |
||
| 337 |
_aunmediated _2rdamedia |
||
| 338 |
_avolume _2rdacarrier |
||
| 500 | _a"A guide for kids and teens from the bestselling author of Quiet."--Cover. | ||
| 504 | _aIncludes bibliographical references and index. | ||
| 520 |
_a"The monumental bestseller Quiet has been recast in a new edition that empowers introverted kids and teens Susan Cain sparked a worldwide conversation when she published Quiet: The Power of Introverts in a World That Can't Stop Talking. With her inspiring book, she permanently changed the way we see introverts and the way introverts see themselves. The original book focused on the workplace, and Susan realized that a version for and about kids was also badly needed. This book is all about kids' world--school, extracurriculars, family life, and friendship. You'll read about actual kids who have tackled the challenges of not being extroverted and who have made a mark in their own quiet way. You'll hear Susan Cain's own story, and you'll be able to make use of the tips at the end of each chapter. There's even a guide at the end of the book for parents and teachers. This insightful, accessible, and empowering book, illustrated with amusing comic-style art, will be eye-opening to extroverts and introverts alike"-- _cProvided by publisher. |
||
| 520 |
_a"A discussion of the power of introverts for kids and teens with a focus on school, family life, and friendship"-- _cProvided by publisher. |
||
| 650 | 0 |
_aIntroverts _vJuvenile literature. |
|
| 650 | 0 |
_aSelf-esteem _vJuvenile literature. |
|
| 650 | 0 |
_aInterpersonal relations _vJuvenile literature. |
|
| 650 | 0 |
_aFamilies _vJuvenile literature. |
|
| 650 | 7 |
_aJUVENILE NONFICTION / Social Science / Psychology. _2bisacsh |
|
| 650 | 7 |
_aJUVENILE NONFICTION / Social Issues / Self-Esteem & Self-Reliance. _2bisacsh |
|
| 650 | 7 |
_aJUVENILE NONFICTION / Social Issues / Emotions & Feelings. _2bisacsh |
|
| 906 |
_a7 _bcbc _corignew _d1 _eecip _f20 _gy-gencatlg |
||
| 942 |
_2ddc _cBK _n0 |
||
| 999 |
_c5976 _d5976 |
||